000 00404nam a22001697a 4500
005 20160630104205.0
008 160630b xxu||||| |||| 00| 0 eng d
020 _a81-85749-10-8
041 _aeng
082 _b19438
100 _asharma Dr Pc
_93145
245 _aPower plant engineering
260 _bS.K. Kataria & Sons
_c2012
300 _a420
650 _aDiploma Engineering
_9817
942 _cBK
999 _c4850
_d4848